000 00783nam a2200217 a 4500
003 0
005 20250523153835.0
008 021127s19uu xx 00 eng d
050 _aPGS LB 2825
_b.B877 2001
100 _aBrown, Ruth Alyzah.
245 _aPerception of students on what their schools taught or are teaching them /
_cRuth Alyzah Brown.
260 _aLas PiƱas City, Philippines :
_bSouthville International School and Colleges,
_c2001.
300 _a23 pages :
_bcolored illustrations ;
_c28 cm.
504 _aIncludes bibliographical references.
650 _aStudents
_vAttitudes.
650 _aEducation
_vEvaluation.
650 _aTeaching
_vStudent evaluation.
650 _aSchool effectiveness.
650 _aStudent perceptions.
942 _2lcc
_cPASS
999 _c96465
_d96465